Wybierz pasujące kafelki - mapa świata - Statystyki

Ogólne statystyki
  • Ten quiz został rozwiązany 4 328 razy
  • Średni wynik to 56 z 80
Statystyki odpowiedzi
Zagadnienie Komórka Select % Poprawnych
zawierające państwo z ludnością powyżej 1 miliarda osób Nie
97%
zawierające państwo z ludnością powyżej 1 miliarda osób Nie
97%
zawierające państwo z ludnością powyżej 1 miliarda osób Nie
96%
zawierające państwo z ludnością powyżej 1 miliarda osób Nie
95%
zawierające państwo z ludnością powyżej 1 miliarda osób Tak
93%
zawierające państwo z ludnością powyżej 1 miliarda osób Nie
93%
zawierające państwo z ludnością powyżej 1 miliarda osób Nie
93%
zawierające państwo z ludnością powyżej 1 miliarda osób Nie
92%
zawierające państwo z ludnością powyżej 1 miliarda osób Nie
90%
, które mają 3 lub mniej państw Nie
87%
, które mają 3 lub mniej państw Nie
87%
, które mają 3 lub mniej państw Nie
87%
zawierające państwo, które zaczyna się na literę R Nie
87%
, które mają 3 lub mniej państw Nie
86%
, które mają 3 lub mniej państw Nie
86%
, które mają 3 lub mniej państw Nie
86%
, które mają 3 lub mniej państw Nie
86%
, które mają 3 lub mniej państw Nie
86%
, które mają 3 lub mniej państw Nie
86%
zawierające państwo, które zaczyna się na literę R Nie
86%
zawierające państwo, które zaczyna się na literę R Nie
86%
zawierające państwo, które zaczyna się na literę R Nie
86%
zawierające państwo, które zaczyna się na literę R Nie
86%
zawierające państwo, które zaczyna się na literę R Nie
86%
zawierające państwo, które zaczyna się na literę R Nie
86%
zawierające państwo z ludnością powyżej 1 miliarda osób Nie
85%
zawierające państwo z ludnością powyżej 1 miliarda osób Nie
85%
, które mają 3 lub mniej państw Nie
85%
, które mają 3 lub mniej państw Nie
85%
zawierające państwo, które zaczyna się na literę R Nie
85%
zawierające państwo z ludnością powyżej 1 miliarda osób Tak
84%
zawierające państwo, które zaczyna się na literę R Tak
84%
, które zawierają terytorium Wielkiej Brytanii (łącznie z zamorskimi departamentami i terytoriami) Nie
83%
zawierające państwo z ludnością powyżej 1 miliarda osób Nie
82%
, które zawierają terytorium Wielkiej Brytanii (łącznie z zamorskimi departamentami i terytoriami) Nie
81%
, które mają 3 lub mniej państw Tak
80%
z państwami śródlądowymi Nie
80%
, które zawierają terytorium Wielkiej Brytanii (łącznie z zamorskimi departamentami i terytoriami) Tak
78%
, które zawierają terytorium Wielkiej Brytanii (łącznie z zamorskimi departamentami i terytoriami) Nie
78%
z państwami śródlądowymi Nie
78%
z państwami śródlądowymi Nie
78%
z państwami śródlądowymi Nie
78%
zawierające państwo, które zaczyna się na literę R Tak
77%
z państwami śródlądowymi Nie
77%
z państwami śródlądowymi Nie
76%
zawierające państwo, które zaczyna się na literę R Tak
75%
z państwami śródlądowymi Tak
75%
, które mają 3 lub mniej państw Tak
74%
, które zawierają terytorium Wielkiej Brytanii (łącznie z zamorskimi departamentami i terytoriami) Nie
74%
, które zawierają terytorium Wielkiej Brytanii (łącznie z zamorskimi departamentami i terytoriami) Nie
73%
, które zawierają terytorium Wielkiej Brytanii (łącznie z zamorskimi departamentami i terytoriami) Nie
73%
z państwami śródlądowymi Tak
73%
z państwami śródlądowymi Tak
72%
zawierające państwo, które zaczyna się na literę R Tak
71%
zawierające państwo, które zaczyna się na literę R Nie
67%
z państwami śródlądowymi Tak
67%
, które mają 3 lub mniej państw Nie
66%
z państwami śródlądowymi Tak
66%
, które zawierają terytorium Wielkiej Brytanii (łącznie z zamorskimi departamentami i terytoriami) Nie
62%
zawierające państwo z ludnością powyżej 1 miliarda osób Tak
60%
zawierające państwo z ludnością powyżej 1 miliarda osób Tak
58%
, które mają 3 lub mniej państw Nie
54%
, które zawierają terytorium Wielkiej Brytanii (łącznie z zamorskimi departamentami i terytoriami) Tak
51%
z państwami śródlądowymi Tak
51%
z państwami śródlądowymi Tak
50%
z państwami śródlądowymi Tak
47%
z państwami śródlądowymi Tak
47%
zawierające państwo, które zaczyna się na literę R Tak
45%
z państwami śródlądowymi Tak
45%
, które mają 3 lub mniej państw Tak
43%
zawierające państwo z ludnością powyżej 1 miliarda osób Tak
38%
zawierające państwo, które zaczyna się na literę R Tak
38%
, które zawierają terytorium Wielkiej Brytanii (łącznie z zamorskimi departamentami i terytoriami) Nie
32%
, które zawierają terytorium Wielkiej Brytanii (łącznie z zamorskimi departamentami i terytoriami) Tak
30%
, które zawierają terytorium Wielkiej Brytanii (łącznie z zamorskimi departamentami i terytoriami) Tak
30%
, które zawierają terytorium Wielkiej Brytanii (łącznie z zamorskimi departamentami i terytoriami) Tak
19%
, które zawierają terytorium Wielkiej Brytanii (łącznie z zamorskimi departamentami i terytoriami) Tak
18%
, które zawierają terytorium Wielkiej Brytanii (łącznie z zamorskimi departamentami i terytoriami) Tak
16%
zawierające państwo, które zaczyna się na literę R Tak
11%
, które zawierają terytorium Wielkiej Brytanii (łącznie z zamorskimi departamentami i terytoriami) Tak
11%
Nie znaleziono quizów pasujących do podanych kryteriów
Rozkład punktacji
Procent ludzi z każdym wynikiem
Percentyl według liczby udzielonych odpowiedzi
Twoja historia wyników
Nie rozwiązałeś tego quizu